LEADER 01137cam2 22003013 450 001 SOBE00069357 005 20220415100343.0 100 $a20220113d1958 |||||ita|0103 ba 101 $aita 102 $aIT 200 0 $a2$fGiorgio Del Vecchio 210 $aMilano$cGiuffré$d1958 215 $a276 p.$d24 cm. 225 2 $aPubblicazioni della Facoltà di Giurisprudenza dell'Università di Roma$v6 410 1$1001LAEC00017331$12001 $a*Pubblicazioni della Facoltà di Giurisprudenza dell'Università di Roma$v6 461 1$1001SOB0000002227$12001 $aStudi sul diritto / Giorgio Del Vecchio 700 1$aDel_Vecchio$b, Giorgio$3AF00008253$4070$0159214 801 0$aIT$bUNISOB$c20220415$gRICA 850 $aUNISOB 852 $aUNISOB$j340.1$m44637 852 $aUNISOB$j340$m59535 912 $aSOBE00069357 940 $aM 102 Monografia moderna SBN 941 $aW 957 $a340.1$b000412$i-2$gSI$d44637$1rovito$2UNISOB$3UNISOB$420220113102000.0$520220415100343.0$6rovito 957 $a340$b000527$i-2$gSI$d59535$1rovito$2UNISOB$3UNISOB$420220118090218.0$520220118090247.0$6rovito 996 $a2$92567592 997 $aUNISOB